[Event "Kingston Easter U1600"]
[Site "Kingston"]
[Date "2019.04.20"]
[Round "4.41"]
[White "Wang, Rachel Zihan"]
[Black "Sztuka, Jeremy"]
[Result "1-0"]
[WhiteElo "1528"]
[BlackElo "1454"]
[PlyCount "109"]
[EventDate "2019.04.18"]
[EventType "swiss"]
[EventRounds "9"]
[EventCountry "CAN"]
[SourceTitle "EXT 2022"]
[Source "ChessBase"]
[SourceDate "2021.10.06"]
[SourceVersion "1"]
[SourceVersionDate "2021.10.06"]
[SourceQuality "1"]

1. d4 b6 2. e4 Bb7 3. Bd3 e6 4. Nf3 c5 5. c3 cxd4 6. cxd4 Ne7 7. 0-0 Ng6 8. Be3 Be7 9. Nc3 0-0 10. Rc1 Nc6 11. a3 Rc8 12. Ne1 Bf6 13. Bb1 Ba6 14. Bd3 Bxd3 15. Qxd3 Na5 16. Na2 Rxc1 17. Bxc1 Qc7 18. f4 Rc8 19. e5 Be7 20. f5 exf5 21. Rxf5 Qc4 22. Qc3 Qxc3 23. Nxc3 Nb3 24. Be3 d6 25. Nd5 dxe5 26. Nxe7+ Nxe7 27. Rxe5 Nc6 28. Rd5 Rd8 29. Rxd8+ Nxd8 30. Kf2 f6 31. Ke2 Kf7 32. Kd3 Ke6 33. Kc3 Na5 34. Nd3 g5 35. Nb4 Nac6 36. d5+ Kd6 37. Nxc6 Nxc6 38. dxc6 Kxc6 39. Bd4 f5 40. h3 h5 41. Bf6 g4 42. hxg4 hxg4 43. Kd4 f4 44. Ke4 f3 45. gxf3 gxf3 46. Kxf3 Kd5 47. Ke3 Kc4 48. Ke4 b5 49. Bc3 Kb3 50. Kd4 a5 51. Bxa5 Kxb2 52. Bb4 Kb3 53. Kc5 Ka4 54. Kb6 Kb3 55. Kxb5 1-0